00908nam a2200193 a 450000100100000000500170001000800410002702000180006804000250008610000340011124501440014526000510028930000360034050400730037650400320044995201050048195201110058699900170069700004417520201002045209.0140604s2009 dr ac 000 0 spa d a9789945130980 aDO-SdBNPbspacBNPHU1 aFranco Soto, Francisco97217813aEl estado dominicano y su inembargabilidad :bcon estudio comparado sobre el tema en Francia, España, Argentina /cFrancisco Franco Soto. aSanto Domingo :bEdiciones Jurídicas,c2009. a235 p. :bil., retrs. ;c26 cm. aIncluye referencias bibliográficas y notas al pie de las páginas aBibliografía : p. 229-230 0010718PDaPDbPDcHDd2014-06-04iLF1l0o p44175-10r2020-06-25w2020-06-25yLFPDZNo se presta 0010718PDaPDbPDcHDd2014-06-04iLF1l0o p44175-20r2020-06-25te. 2w2020-06-25yLFPDZNo se presta c43664d43664